000 00588nam a22002057a 4500
003 MN-UlNLM
005 20230627115146.0
008 161101s1988 mp ||||| |||| 00| 0 mon
020 _a7-204-00382-9
040 _aМонгол Улсын Үндэсний номын сан
084 _210-t
_a4(0)
_bМ 692
_q80
245 0 _aМонгол үгсийн язгуурын толь
260 1 _aХөх хот
_bАрдын хэвлэлийн хороо
_c1988
300 _a2972x
546 _aMB
653 _aХэл шинжлэл
856 _aprintbook
942 _cBK
999 _c76761
_d76818